Introduction to DOS 5.0.

Introduction. Basic DOS Commands.File Management. Disk management. Automating DOS tasks.

Gardado en:
Detalles Bibliográficos
Formato: Libro
Idioma:English
Publicado: USA : Irwin, 1992.
Những chủ đề:
Các nhãn: Engadir etiqueta
Sen Etiquetas, Sexa o primeiro en etiquetar este rexistro!
Thư viện lưu trữ: Mạng thư viện Đại học Đà Nẵng
LEADER 00840cam a2200337 i 4500
001 000042574
003 448
005 20030214164928.0
008 010217|1992 vm 000 eng
020 |a 0256127336 
022 |a T 
040 |a IRC  |c IRC  |d IRC 
041 0 |a eng 
082 1 4 |a 005.3682  |b In-D 
245 0 0 |a Introduction to DOS 5.0. 
260 |a USA :  |b Irwin,  |c 1992. 
300 |a 120p. ;  |c 27cm. 
520 3 |a Introduction. Basic DOS Commands.File Management. Disk management. Automating DOS tasks. 
630 0 4 |a Computer. 
630 0 4 |a DOS. 
650 0 4 |a DOS (Computer programs) 
OWN |a DUT 
999 |a From the UDN01 
TYP |a Monograph 
TYP |a Printed language 
980 |a Mạng thư viện Đại học Đà Nẵng